Normal view
MARC view
- صالح، نائل عبدالرحمن
Entry Personal Name
001 - CONTROL NUMBER
- control field: 7163
003 - CONTROL NUMBER IDENTIFIER
- control field: JO-AjAnu
005 - DATE AND TIME OF LATEST TRANSACTION
- control field: 20230606071447.0
008 - FIXED-LENGTH DATA ELEMENTS
- fixed length control field: 230606|| aca||aabn | a|a d
040 ## - CATALOGING SOURCE
- Original cataloging agency: JO-AjAnu
- Transcribing agency: JO-AjAnu
100 ## - HEADING--PERSONAL NAME
- Personal name: صالح، نائل عبدالرحمن
670 ## - SOURCE DATA FOUND
- Source citation: Work cat.: (JO-AjAnu)3707: صالح، نائل عبدالرحمن , author, شرح قانون العقوبات " القسم الخاص ": الجرائم الواقعة على الاموال ،جرائم السرقة والاحتيال واساءة الأئتمان والملحقة بها